The highs and lows of being Mia

Bibliographic Details
Main Author: Cabot, Meg
Format: Book
Published: New York : HarperCollins Children's Books , 2004
Series:The princess diaries ; v. 3 & 4
Subjects:

MARC

LEADER 00000cam a2200000 7i4500
001 0000010951
005 20160330.0
008 071106
020 |a 0060590017 
090 0 0 |a CAB   |b ENG (8489) 
100 1 |a Cabot, Meg 
245 1 4 |a The highs and lows of being Mia   |c Meg Cabot 
260 |a New York :   |b HarperCollins Children's Books ,   |c 2004 
440 |a The princess diaries ; v. 3 & 4 
500 |a Teenager ages 13-18 years old (blue) 
650 0 |a English fiction 
650 0 |a Love   |x Fiction 
650 0 |a Novel 
650 0 |a Princess   |x Juvenile fiction 
650 0 |a School   |x Fiction 
999 |a 0000999126   |b Book   |c Teenagers   |e Perbadanan Perpustakaan Awam Johor 
999 |a 0000999127   |b Book   |c Teenagers   |e Perbadanan Perpustakaan Awam Johor 
999 |a 0000999128   |b Book   |c Teenagers   |e Perbadanan Perpustakaan Awam Johor